[Event "Mazowiec-chT op 1819"]
[Site "Warsaw"]
[Date "2019.01.13"]
[Round "6.22"]
[White "Milczarek, Robert"]
[Black "Wojdalski, Lukasz"]
[Result "1-0"]
[WhiteElo "1703"]
[BlackElo "1260"]
[PlyCount "83"]
[EventDate "2018.12.02"]
[EventType "team-swiss"]
[EventRounds "10"]
[EventCountry "POL"]
[SourceTitle "EXT 2020"]
[Source "ChessBase"]
[SourceDate "2019.10.17"]
[SourceVersion "1"]
[SourceVersionDate "2019.10.17"]
[SourceQuality "1"]

1. d4 d5 2. c4 c6 3. Nf3 Bf5 4. Nc3 Nf6 5. e3 e6 6. Nh4 Bg6 7. Nxg6 hxg6 8. Bd2 Nbd7 9. Rc1 Qc7 10. g3 dxc4 11. Bxc4 a6 12. Be2 Nd5 13. e4 Nxc3 14. Bxc3 Nf6 15. Bf3 Rd8 16. Qe2 Be7 17. 0-0 0-0 18. b4 b5 19. a3 Qb7 20. Bb2 Rc8 21. Rc2 Qa8 22. Rfc1 a5 23. bxa5 Qxa5 24. Rxc6 Rxc6 25. Rxc6 Bxa3 26. Bxa3 Qxa3 27. Kg2 Rb8 28. d5 exd5 29. exd5 b4 30. Qe5 Qa7 31. d6 b3 32. Rc7 Qb6 33. Qe7 Ne8 34. Qxf7+ Kh8 35. Re7 Qxd6 36. Rxe8+ Rxe8 37. Qxe8+ Kh7 38. Qb5 Qa3 39. Be4 b2 40. Qh5+ Kg8 41. Qxg6 Qb4 42. Bd5+ 1-0

[Event "Mazowiec-chT op 1819"]
[Site "Warsaw"]
[Date "2018.12.02"]
[Round "2.7"]
[White "Wojdalski, Lukasz"]
[Black "Adamski, Adam"]
[Result "0-1"]
[WhiteElo "1260"]
[BlackElo "1705"]
[PlyCount "96"]
[EventDate "2018.12.02"]
[EventType "team-swiss"]
[EventRounds "10"]
[EventCountry "POL"]
[SourceTitle "EXT 2020"]
[Source "ChessBase"]
[SourceDate "2019.10.17"]
[SourceVersion "1"]
[SourceVersionDate "2019.10.17"]
[SourceQuality "1"]

1. d4 Nf6 2. c4 g6 3. Nc3 d5 4. Nf3 Bg7 5. Qb3 dxc4 6. Qxc4 Nbd7 7. Bf4 c6 8. e3 Nb6 9. Qd3 Be6 10. b3 Nbd5 11. Nxd5 Nxd5 12. Be2 Nxf4 13. exf4 0-0 14. 0-0 Qb6 15. Rac1 Rad8 16. Rfd1 Rd6 17. Ne5 Rfd8 18. Nf3 Bxd4 19. Nxd4 Rxd4 20. Qe3 Rxd1+ 21. Rxd1 Rxd1+ 22. Bxd1 Qa5 23. Qe2 Qc5 24. Kf1 h5 25. Qe5 Qd6 26. Qxd6 exd6 27. Ke2 Kg7 28. Ke3 Kf6 29. f3 Bf5 30. a4 c5 31. Be2 d5 32. h3 d4+ 33. Kd2 Be6 34. Bd1 h4 35. b4 c4 36. Bc2 c3+ 37. Ke1 Bf5 38. Bb3 Be6 39. Bc2 Bc4 40. Be4 b6 41. a5 bxa5 42. bxa5 g5 43. fxg5+ Kxg5 44. Kf2 Kf4 45. a6 f5 46. Bb1 d3 47. g3+ hxg3+ 48. Kg2 c2 0-1